000 00636nam a2200229Ia 4500
003 OSt
005 20220923230428.0
006 a|||||r|||| 00| 0
007 ta
008 Pun
024 _a281,795
037 _cTextual
040 _aARTS
_cARTS
_bPun
041 _2Pun
_aPun
082 _aO153,3N17x, N3
100 _aਦੁੱਗਲ, ਕਰਤਾਰ ਸਿੰਘ
_9156274
245 0 _aਪੈਣਗੇ ਵੈਣ ਡੂੰਘੇ
260 _c1993
650 _aਪੰਜਾਬੀ ਸਾਹਿਤ
942 _hO153,3N17x, N3
_cTEXL
_2CC
999 _c384737
_d384737